Válvulas: Selección, uso y manteniemiento

Bibliographic Details
Main Author: Greene, Richard W
Format: Section = Libro
Language:Undetermined
Spanish
Published: México McGraw-Hill 1989
Subjects:
LEADER 00494nam a2200193Ia 4500
008 240830s9999 xx 000 0 und d
020 |a 968-422-033-2 
040 |a CEDOC FIQ-RUSB / 532 G811 
041 |a spa 
082 |a 532 G811 
100 1 |a Greene, Richard W 
245 1 0 |a Válvulas: Selección, uso y manteniemiento 
260 |a México  |b McGraw-Hill  |c 1989 
300 |a 278 p. :il 
650 7 |a MECANICA DE FLUIDOS 
650 7 |b  VALVULAS 
942 |c BK  |2 ddc 
991 |a TEXTO 
999 |c 13570